UM Logo

AFP: Maute's Abu Dar is dead/ (Record no. 15227)

MARC details
000 -LEADER
fixed length control field 00442nam a22001337a 4500
008 - FIXED-LENGTH DATA ELEMENTS--GENERAL INFORMATION
fixed length control field 200306b ||||| |||| 00| 0 eng d
100 ## - MAIN ENTRY--PERSONAL NAME
9 (RLIN) 42014
Personal name Suson, Divina M.
245 ## - TITLE STATEMENT
Title AFP: Maute's Abu Dar is dead/
Statement of responsibility, etc. Divina M. Suson and Jeannette I. Andrade.
260 ## - PUBLICATION, DISTRIBUTION, ETC. (IMPRINT)
Place of publication, distribution, etc. Philippines;
Name of publisher, distributor, etc. Philippine Daily Inquirer,
Date of publication, distribution, etc. ©2019.
300 ## - PHYSICAL DESCRIPTION
Extent page A13;
Dimensions 29.5cm.
650 ## - SUBJECT ADDED ENTRY--TOPICAL TERM
Topical term or geographic name as entry element Terrorism.
9 (RLIN) 42016
700 ## - ADDED ENTRY--PERSONAL NAME
9 (RLIN) 42015
Personal name Andrade, Jeannette I.
942 ## - ADDED ENTRY ELEMENTS (KOHA)
Source of classification or shelving scheme Dewey Decimal Classification
Koha item type Periodicals
Holdings
Withdrawn status Lost status Source of classification or shelving scheme Damaged status Not for loan Collection code Home library Current library Date acquired Total Checkouts Date last seen Price effective from Koha item type Public note
    Dewey Decimal Classification     Periodicals UM Digos College - LIC UM Digos College - LIC 03/06/2020   03/06/2020 03/06/2020 Periodicals Newspaper Clippings